Using Information Technology: A Practical Introduction to Computers & Communications (Record no. 5988)

MARC details
005 - DATE AND TIME OF LATEST TRANSACTION
control field 20250628115450.0
020 ## - INTERNATIONAL STANDARD BOOK NUMBER
International Standard Book Number 0-07-288290-5
100 ## - MAIN ENTRY--PERSONAL NAME
Author name SAWYER, S.C
245 ## - TITLE STATEMENT
Title Using Information Technology: A Practical Introduction to Computers & Communications
250 ## - EDITION STATEMENT
Edition statement 6th Ed.
260 ## - PUBLICATION, DISTRIBUTION, ETC.
Place of publication, distribution, etc. New York
Name of publisher, distributor, etc. McGraw Hill
Date of publication, distribution, etc. 2005
300 ## - PHYSICAL DESCRIPTION
Extent xxi, 113p.: ill; pictures
Other physical details Index
Dimensions 26cm
700 ## - ADDED ENTRY--PERSONAL NAME
Other authors/Editors WILLIAMS, B.K
942 ## - ADDED ENTRY ELEMENTS (KOHA)
Source of classification or shelving scheme Dewey Decimal Classification
Koha item type Books
Holdings
Date last seen Total checkouts Full call number Barcode Cost, replacement price Price effective from Koha item type Lost status Source of classification or shelving scheme Damaged status Not for loan Withdrawn status Home library Current library Shelving location Date acquired Source of acquisition Cost, normal purchase price
06/28/2025   004 SAW MBY000758 90000.00 06/28/2025 Books   Dewey Decimal Classification       CBE MBEYA CBE MBEYA General Collection 04/17/2007 PURCHASE 30000.00
06/28/2025   004 SAW MBY000759 90000.00 06/28/2025 Books   Dewey Decimal Classification       CBE MBEYA CBE MBEYA General Collection 04/17/2007 PURCHASE 30000.00